=LDR 00000nam 2200000 4500 =001 INLIS000000000040108 =005 20210106093834 =035 ##$$a 0010-061300000040108 =008 210106################g##########0#ind## =041 ##$$a Ind =082 ##$$a 153.9 =090 ##$$a 153.9, Mar b =100 ##$$a Marhijanto, Bambang =245 1#$$a Bakat dan kemampuan : $b Keberhasilan banyak didukung oleh bakat dan pengembangannya didukung oleh kemampuan /$c Drs. Bambang Marhijanto =260 ##$$a Surabaya :$b Putra Pelajar,$c 1990 =300 ##$$a ix, 204 hlm. ; $c 14 x 20 cm. =650 #4$$a Bakat dan Kemampuan =850 ##$$a NBPNMAT =084 ##$$a 153.9 MAR b =990 ##$$a 777/ Pb-04 =990 ##$$a 775/Pb-04